000 01501nam a2200313 i 4500
003 EG-GICUC
005 20260508102554.0
008 260508s1993 ua ||||fr|||| 00| 0 ara d
040 _a EG-GICUC
_bara
_c EG-GICUC
_d EG-GICUC
_erda
041 _aara
_hara
082 0 4 _221
_a343.375403062
_bح س . ف
092 0 4 _221
099 _aLaw1 10 343.375403062 ح س . ف 1993
100 0 _aحسن الفكهاني
_eمؤلف.
245 1 0 _aفهرس تفصيلي ابجدى لاجزاء الملاحق الثمان الشاملة لمبادئ محكمة النقض المصرية الصادرة خلال الفترة من عام 1978 حتى عام 1992 (خمسة عشر عاما) :
_b « الاصدار الجنائى » الموسوعة الذهبية لقضاء محكمة النقض المصرية /
_cتأليف المستشار حسن الفكهاني.
264 1 _aالقاهرة :
_b الدار العربية للموسوعات،
_c[1993].
300 _a270 صفحة ;
_c24 سم.
336 _2rda content
_atext
337 _2rda media
_aComputer
338 _2rda carrier
_aOnline Resource
546 _aالنص باللغة العربية
650 1 _aالقانون الجنائي
650 1 _aالإجراءات أمام محكمة النقض
_xموسوعات / معاجم
_zمصر
650 1 _aالاصدار الجنائي
650 1 _aمحكمة النقض
856 4 0 _uhttps://fll.law.cu.edu.eg/fulltext/bks/B10-12266.pdf
905 _a43
942 _2ddc
_n0
_cBK
_e21
999 _c76253
_d76253